000 00953nam a2200277 i 4500
001 000013785
003 DO-SdBNP
005 20240109130453.0
007 ta
008 091130s1984 dr a 000 spa d
040 _aDO-SdBNP
_bspa
_cBNPHU
_erda
082 _bH496g
_222
100 1 _aHenderson, Robert W.
_eautor
_931275
245 1 0 _aGuía para la identificación de los anfibios y reptiles de la Hispaniola /
_cRobert W. Henderson, Albert Schwartz, Sixto J. Incháustegui.
264 _aSanto Domingo, :
_bMuseo Nacional de Historia Natural,
_c1984.
300 _a128 paginas :
_bilustraciones ;
_c22 cm.
336 _2rdacontent
_atexto
_btxt
337 _2rdamedia
_asin mediación
_bn
338 _2rdacarrier
_avoñumen
_bnc
490 1 _aMonográfica
_vv. 1
504 _aIncluye referencias bibliográficas (p. 103-126)
590 _aInventariado, 2024 / DG
830 0 _aMonográfica
_nNo. 1
_931276
910 _aDG
942 _2ddc
_cLBS1
999 _c13397
_d13397